| 000 | 00500nam a2200169 4500 | ||
|---|---|---|---|
| 001 | 122892 | ||
| 003 | ES-MaACL | ||
| 005 | 20230906192048.0 | ||
| 007 | t| | ||
| 008 | 070214s1964 sp r ||||0| spa d | ||
| 100 | 1 |
_aProhaska, Leopold. _994022 |
|
| 245 | 1 | 0 |
_aPedagogía del encuentro / _cLeopold Prohaska ; versión castellana de Ismael Antich. |
| 260 |
_aBarcelona : _bHerder, _c1964. |
||
| 300 |
_a151 p ; _c20 cm. |
||
| 700 | 1 |
_aAntich, Ismael. _921892 |
|
| 852 |
_aES-MaACL _jC-26029 _bR.54969 |
||
| 999 |
_c122892 _d122892 |
||